00321nam a2200121Ia 4500008004100000041000800041082001600049100002200065245002100087260004800108300003100156365001200187240624s9999 xx 000 0 und d aeng a346.409 CAS aCASEY JEAN PIERRE aMIFID REVOLUTION c2009aNew DelhibCambridge University Press axii, : 228 : p. : cm. ; 23 cBPSb38